[Event "GER-ch U10"]
[Site "Willingen"]
[Date "2019.06.12"]
[Round "7"]
[White "Dordevic, Tom"]
[Black "Guo, Jacob Tingshen"]
[Result "1-0"]
[WhiteElo "1158"]
[BlackElo "1420"]
[PlyCount "91"]
[EventDate "2019.06.08"]
[EventType "swiss"]
[EventRounds "11"]
[EventCountry "GER"]
[SourceTitle "CBM 191 Extra"]
[Source "ChessBase"]
[SourceDate "2019.09.30"]
[SourceVersion "1"]
[SourceVersionDate "2019.09.30"]
[SourceQuality "1"]

1. e4 c5 2. Nf3 Nc6 3. d4 cxd4 4. Nxd4 Nf6 5. Nc3 e5 6. Ndb5 d6 7. Bg5 a6 8. Na3 Be6 9. Bxf6 gxf6 10. Nd5 Bg7 11. c3 0-0 12. Nc2 f5 13. exf5 Bxf5 14. Nce3 Be6 15. Bd3 Bxd5 16. Nxd5 Qg5 17. Ne3 Rfd8 18. h4 Qe7 19. Nd5 Qf8 20. Qh5 h6 21. Qf5 f6 22. Qh7+ Kf7 23. Qg6+ Kg8 24. Qh7+ Kf7 25. Bg6+ Ke6 26. Nc7+ Kd7 27. Nxa8 Rxa8 28. Bc2 Qe7 29. Qf5+ Kc7 30. 0-0-0 Rd8 31. Be4 Qf7 32. Bd5 Qe7 33. Rhe1 Re8 34. Qd3 Qd7 35. b4 Kb8 36. Bxc6 Qxc6 37. Qxd6+ Qxd6 38. Rxd6 Rc8 39. Kc2 Rc7 40. Rd8+ Ka7 41. Red1 Kb6 42. R1d7 Rxd7 43. Rxd7 Bf8 44. Rf7 Bd6 45. Rxf6 Kc7 46. Rxh6 1-0

[Event "GER-ch U10"]
[Site "Willingen"]
[Date "2019.06.10"]
[Round "4"]
[White "Guo, Jacob Tingshen"]
[Black "Huber, Benedikt Thomas"]
[Result "1/2-1/2"]
[WhiteElo "1420"]
[BlackElo "1441"]
[PlyCount "87"]
[EventDate "2019.06.08"]
[EventType "swiss"]
[EventRounds "11"]
[EventCountry "GER"]
[SourceTitle "CBM 191 Extra"]
[Source "ChessBase"]
[SourceDate "2019.09.30"]
[SourceVersion "1"]
[SourceVersionDate "2019.09.30"]
[SourceQuality "1"]

1. d4 d5 2. c4 c6 3. Nc3 Nf6 4. Nf3 Bf5 5. e3 e6 6. Bd3 Bxd3 7. Qxd3 Nbd7 8. 0-0 Be7 9. Bd2 0-0 10. cxd5 cxd5 11. Rac1 Rc8 12. Rfe1 Qb6 13. Qb1 a6 14. h3 Qd6 15. Rc2 Rc7 16. Rcc1 Rfc8 17. a3 Nb6 18. Ne2 Nc4 19. Ng3 Rc6 20. Bc3 Nxa3 21. bxa3 Rxc3 22. Rxc3 Rxc3 23. Qxb7 Rxa3 24. Rc1 Ne8 25. Kh2 Bd8 26. Rc8 Kf8 27. Ne5 Bc7 28. Qa8 Qe7 29. Nc6 Qd7 30. Nb4 Bxg3+ 31. Kxg3 a5 32. Nc6 Rc3 33. Kf3 e5 34. dxe5 Qf5+ 35. Kg3 Qg6+ 36. Kh2 Qe6 37. Kg3 f6 38. exf6 Qd6+ 39. Kf3 Qxf6+ 40. Kg3 Qd6+ 41. Kf3 Qf6+ 42. Kg3 Qd6+ 43. Kf3 Qf6+ 44. Kg3 1/2-1/2

[Event "GER-ch U10"]
[Site "Willingen"]
[Date "2019.06.10"]
[Round "3"]
[White "Jouani, Zakharia"]
[Black "Guo, Jacob Tingshen"]
[Result "0-1"]
[WhiteElo "1507"]
[BlackElo "1420"]
[PlyCount "84"]
[EventDate "2019.06.08"]
[EventType "swiss"]
[EventRounds "11"]
[EventCountry "GER"]
[SourceTitle "CBM 191 Extra"]
[Source "ChessBase"]
[SourceDate "2019.09.30"]
[SourceVersion "1"]
[SourceVersionDate "2019.09.30"]
[SourceQuality "1"]

1. e4 c5 2. d4 e6 3. Nf3 Nf6 4. e5 Nd5 5. c4 Nb6 6. d5 d6 7. dxe6 Bxe6 8. Nc3 Nc6 9. exd6 Bxd6 10. b3 0-0 11. Bd3 Re8 12. 0-0 Ne5 13. Bc2 Bg4 14. Be4 Rb8 15. Bf4 Qf6 16. Bxe5 Bxe5 17. Nd5 Nxd5 18. Bxd5 Bxa1 19. Qxa1 Qxa1 20. Rxa1 h6 21. h3 Be6 22. Rd1 Rbd8 23. Kh2 Bxd5 24. cxd5 Re2 25. d6 Re6 26. d7 Re7 27. Rd5 b6 28. Ne5 f6 29. Nc6 Rexd7 30. Nxd8 Rxd5 31. Nc6 Rd7 32. f3 a5 33. Nb8 Rd6 34. Na6 Rd2 35. a3 Rb2 36. Nc7 Rxb3 37. Nd5 c4 38. Kg3 c3 39. Ne3 Rb2 40. Nd1 c2 41. Nxb2 c1Q 42. Nd3 Qxa3 0-1

[Event "GER-ch U25-C"]
[Site "Willingen"]
[Date "2018.05.26"]
[Round "9"]
[White "Kretschmer, Sven"]
[Black "Guo, Jacob Tingshen"]
[Result "1-0"]
[WhiteElo "1201"]
[BlackElo "1108"]
[PlyCount "117"]
[EventDate "2018.05.19"]
[EventType "swiss"]
[EventRounds "9"]
[EventCountry "GER"]
[SourceTitle "CBM 184 Extra"]
[Source "ChessBase"]
[SourceDate "2018.06.28"]
[SourceVersion "1"]
[SourceVersionDate "2018.06.28"]
[SourceQuality "1"]

1. e4 e5 2. Nf3 Nc6 3. Bc4 Bc5 4. d3 Nf6 5. h3 Na5 6. Nxe5 Nxc4 7. Nxc4 h6 8. Be3 Bxe3 9. fxe3 d5 10. exd5 Qxd5 11. 0-0 Qg5 12. Qf3 0-0 13. Nc3 Re8 14. Ne4 Qg6 15. Nxf6+ Qxf6 16. Qxf6 gxf6 17. Rxf6 Kg7 18. Raf1 Be6 19. Ne5 Rf8 20. d4 c6 21. a3 Rac8 22. R6f4 Rc7 23. c3 f6 24. Ng4 Rcf7 25. e4 Kg6 26. Ne3 h5 27. g4 hxg4 28. hxg4 b5 29. e5 fxe5 30. Rxf7 Rxf7 31. dxe5 Rxf1+ 32. Kxf1 a5 33. b4 a4 34. Ke2 Kg5 35. Kd3 Kf4 36. Kd4 Bd7 37. c4 bxc4 38. Nxc4 Kxg4 39. Kc5 Kf5 40. Kd6 Be8 41. Na5 Kg6 42. Nxc6 Bxc6 43. Kxc6 Kf7 44. b5 Ke6 45. b6 Kxe5 46. b7 Kd4 47. b8Q Ke4 48. Qd6 Ke3 49. Kc5 Ke4 50. Qd5+ Ke3 51. Qd4+ Ke2 52. Kc4 Kf3 53. Kd3 Kg3 54. Qe4 Kf2 55. Qe3+ Kf1 56. Qe2+ Kg1 57. Ke3 Kh1 58. Kf3 Kg1 59. Qg2# 1-0